Criminal law: Cases and materials (7th edition) (Record no. 39187)

MARC details
000 -LEADER
fixed length control field 00703nam a2200181 a 4500
008 - FIXED-LENGTH DATA ELEMENTS--GENERAL INFORMATION
fixed length control field 210331s2012 ||||||||||||||||| || u
020 ## - INTERNATIONAL STANDARD BOOK NUMBER
International Standard Book Number 9781454806981
050 ## - LIBRARY OF CONGRESS CALL NUMBER
Classification number KB 91 Kap
100 ## - MAIN ENTRY--PERSONAL NAME
Personal name Kaplan, John
245 10 - TITLE STATEMENT
Title Criminal law: Cases and materials (7th edition)
Statement of responsibility, etc. By John kaplan; Robert Weisberg; Guyora Binder
250 ## - EDITION STATEMENT
Edition statement 7th edition
260 ## - PUBLICATION, DISTRIBUTION, ETC.
Place of publication, distribution, etc. New York
Name of publisher, distributor, etc. Wolters Kluwer Law and Business
Date of publication, distribution, etc. 2012
300 ## - PHYSICAL DESCRIPTION
Extent xxxv, 1121 pages
650 ## - SUBJECT ADDED ENTRY--TOPICAL TERM
Topical term or geographic name entry element CRIMINAL LAW--UNITED STATES--CASES
700 ## - ADDED ENTRY--PERSONAL NAME
Personal name Weisberg, Robert
700 ## - ADDED ENTRY--PERSONAL NAME
Personal name Binder, Guyora
995 ## - RECOMMENDATION 995 [LOCAL, UNIMARC FRANCE]
-- CBU-MAIN LIBRARY (Kitwe)
-- 1
-- AVAILABLE
-- Apr 1, 2021
-- Main Library Open Access Collection
Holdings
Withdrawn status Lost status Source of classification or shelving scheme Damaged status Not for loan Home library Current library Shelving location Date acquired Total Checkouts Full call number Barcode Date last seen Price effective from Koha item type
          CBU-MAIN LIBRARY, KITWE. CBU-MAIN LIBRARY, KITWE.   11/30/2022   KB 91 Kap 750904 11/30/2022 11/30/2022 MONOGRAPH